Artificial Intelligence : A Modern Approach /

Saved in:
Bibliographic Details
Main Authors: Russell, Stuart J. (Author), Norvig, Peter (Author)
Format: Book
Language:English
Published: Upper Saddle River : Prentice Hall, 1995
Edition:1.vyd.
Subjects:
Tags: Add Tag
No Tags, Be the first to tag this record!

MARC

LEADER 00000nam a22000003a 4500
001 stu9196
005 20230629113441.0
008 961011s1995----xxu-----------------eng-d
020 |a 0-13-103805-2 
040 |a STU  |b slo 
041 0 |a eng 
044 |a xxu 
080 |a 681.322.06 
080 |a 519.7/.8 
080 |a 519.685  |7 stu_us_auth*stu8263 
080 |a 061.3(08) 
084 |a C1230  |2 INS 
084 |a C6170  |2 INS 
100 1 |a Russell, Stuart J.  |4 aut 
245 1 |a Artificial Intelligence : A Modern Approach / 
250 |a 1.vyd. 
260 |a Upper Saddle River :  |b Prentice Hall,  |c 1995 
300 |a 932 s 
650 7 |a umelá inteligencia  |2 stusub 
700 1 |a Norvig, Peter  |4 aut 
996 |c I*14UI5046  |l I  |s A  |a 24  |w stu9196_0001